Zákon o kolektívnom investovaní sa pri zahraničných podielových listoch obchádza

Bibliographic Details
Main Author: Scherhaufer, Roman, 1972- (Author)
Format: Article
Language:Slovak
PhysicalDescription:Graf, tab.
ISSN:1335-0684
Subjects:

MARC

LEADER 00000nab a2200000 a 4500
001 vtls000739508
003 SK-MaSNL
005 20260303162155.0
008 180206c2000 xo 0 slo
015 |a SNBRB2001/01-01688 
035 |a CLN000091364 
040 |a SNKBUCL  |b slo  |c SNKBUCL  |e AACR2 
041 0 |a slo 
044 |a xo  |c SK 
080 |a 336.767(437.6):336.714-87  |2 UDC-MRF-SK2 
080 |a 336.714-87(437.6)  |2 UDC-MRF-SK2 
100 1 |a Scherhaufer, Roman,  |d 1972-  |4 aut  |9 24812 
245 1 0 |a Zákon o kolektívnom investovaní sa pri zahraničných podielových listoch obchádza  |c Roman Scherhaufer 
300 |b Graf, tab. 
650 0 7 |a investovanie kolektívne  |z Slovensko  |x fondy podielové zahraničné  |2 snkbucl  |9 1185491 
650 0 7 |a zahraničné podielové fondy  |2 snkbucl  |9 1185492 
650 0 7 |a listy podielové zahraničné  |2 snkbucl  |9 1185493 
655 7 |a články z novín a časopisov  |2 snkbucl  |9 267496 
773 0 |x 1335-0684  |t Trend  |g Roč. 10, č. 42 (2000), s. 14B 
850 |a Slovenská národná knižnica v Martine 
852 |a SNK  |b KIS3GCP 
958 |a RBX 
999 |c 2052539  |d 2054469